000 00243nam a2200097Ia 4500
008 200302s9999 xx 000 0 und d
100 _aArata Isozaki
245 _aThe Museum of Modern Art, Gunma
260 _bPhaidon Press Ltd.
300 _a60 P.,
999 _c5113
_d5113